000 00496nam a22001697a 4500
003 CEME
005 20210628203003.0
008 210215b xxu||||| |||| 00| 0 eng d
020 _a0-471-44255-0
040 _c.
082 _a536.57 CHA
100 _aChabay, Ruth W Sherwood, Bruce A
_962729
245 _aMatter and interactions,vol- ii, electric and magnetic interactions
260 _aNEW YORK
_bJOHN WILEY
_c2002
650 _aELECTRIC AND MAGNETIC INTERACTIONS
_962730
942 _cBK
_2ddc
999 _c571745
_d571745